Every Swans Song that Mentions the Sun - Statistics

General Stats
  • This quiz has been taken 26 times
  • The average score is 13 of 40
Answer Stats
Album Line Song % Correct
To Be Kind "Sun, Sun, bring the Sun" Bring the Sun / Toussaint L'Ouverture
86%
To Be Kind "Sun, come, sky, tar, mouth, sand, teeth, tongue" Screenshot
77%
The Great Annihilator "And I am the Sun, I rise above the world" I Am the Sun
73%
The Burning World "God damn the Sun" God Damn the Sun
68%
leaving meaning. "Give up to Sunfucker" "Sunfucker is calling" "Sunfucker eats the blind" Sunfucker
68%
To Be Kind "Eye full of sun, hand full of mud, yeah" A Little God in My Hands
64%
The Seer "In the blood of the swans, as the Sun fucks the dawn" A Piece of the Sky
64%
The Seer "In the mind of no one, forming sun, forming love" Lunacy
64%
The Seer "Mother Sun, mother of senseless things" Mother of the World
59%
Soundtracks for the Blind "It's a sunny day, a beautiful day" The Beautiful Days
55%
To Be Kind "The falling sun, the fallen one. In a bed, painted blue, touching you" To Be Kind
55%
The Glowing Man "We're praising the Sun for the damage he's done" Finally, Peace
50%
White Light from the Mouth of Infinity "When I walked out in the Sun, I was strong, clear-minded and blind" Blind
45%
The Beggar "Ah, we're drugged by the Sun, here he comes, here he comes" Los Angeles: City of Death
41%
Soundtracks for the Blind "And every evening the Sun comes up, when she goes down" Volcano
36%
Soundtracks for the Blind "Their blood is shining in the Sun" "And soon the Sun begins to sink" All Lined Up
32%
The Beggar "In the body of a sun that itself exists within an ever-shrinking sphere that is contracting as we spin?" The Parasite
32%
The Beggar "He's a grid on the Sun, he's the hate in the love" Michael Is Done
23%
leaving meaning. "In a sun, in a moon, in a cloud, in the air" Some New Things
23%
The Beggar "I feel the Sun penetrate my skin, I feel it melt the marrow in my bones" The Memorious
23%
leaving meaning. "The Sun is an acid eye" "The Sun will not rise today" Amnesia
18%
The Great Annihilator "And time is born beneath the Sun" Blood Promise
18%
White Light from the Mouth of Infinity "The Sun is rising over the buildings across the street" "The Sun is God's face looking down at me as he cries for what he's done" "I will survive the light of the Sun as it enters me" "Let the Sun come in" Song for the Sun
18%
The Great Annihilator "The bodies in the river float beneath the Sun" Where Does a Body End?
18%
Love of Life "The Sun is an acid eye" "The Sun will not rise today" Amnesia
14%
Children of God "And the Sun will shine on your pale shape" Blood and Honey
14%
The Great Annihilator "There's a sun in the sky, we're in the atmosphere" Mind/Body/Light/Sound
14%
My Father Will Guide Me Up a Rope to the Sky "Now the Sun will hide beneath a ridge tonight" Reeling the Liars In
14%
The Burning World "And I've got no sun to pull down from the sky" "When sunlight falls on your shoulder" Saved
14%
White Light from the Mouth of Infinity "And the Sun is an emptiness that burns through the sky" "And lay your loneliness down for the Sun to consume" "And lay your loneliness down for the Sun to burn to sand" Song for Dead Time
14%
The Great Annihilator "And the blood and the bodies floated through the blue sun" Telepathy
14%
The Burning World "And I, I was born beneath the dying Sun" "And the Sun will burn a hole into the purple sky" The River That Runs with Love Won't Run Dry
14%
leaving meaning. "Painted red, bleeding gold, your sword guts the Sun" What Is This?
14%
White Light from the Mouth of Infinity "In her shadow, the Sun was born" "And from Heaven, she'll rain down the Sun" When She Breathes
14%
White Light from the Mouth of Infinity "Let the sunlight feed the air" "Now the Sun will kill the garden" Will We Survive
14%
The Burning World "See God's sun go down behind that hill" "Then see God's sun fall behind that hill in darkness" "Then see our sun go black because we made one mistake" See No More
9%
White Light from the Mouth of Infinity "I saw the Sun rise in an ancient desert, where this moment was first foretold" The Most Unfortunate Lie
9%
Love of Life "And the Sun was rising on the other side of the world" The Other Side of the World
9%
Love of Life "And cut into the heart of the Sun" In the Eyes of Nature
5%
The Burning World "We'll walk a burning world where the Sun shines darkness" Mona Lisa, Mother Earth
5%
No matching quizzes found
Score Distribution
Percent of People with Each Score
Percentile by Number Answered
Your Score History
You have not taken this quiz